Первая в России: универсальная информационная система по сохранности; Библиотечное дело; № 7

Bibliografiset tiedot
Parent link:Библиотечное дело: ежемесячный журнал.— , 2003-
№ 7.— 2006.— С. 17
Päätekijä: Захаров В. Виктор
Kieli:venäjä
Julkaistu: 2006
Sarja:Сохранность
Aiheet:
Aineistotyyppi: Kirjan osa
KOHA link:https://koha.lib.tpu.ru/cgi-bin/koha/opac-detail.pl?biblionumber=402084

MARC

LEADER 00000naa2a2200000 4500
001 402084
005 20231101065650.0
035 |a (RuTPU)RU\TPU\prd\46741 
035 |a RU\TPU\prd\46740 
090 |a 402084 
100 |a 20061010a2006 k y0rusy50 ca 
101 0 |a rus 
102 |a RU 
200 1 |a Первая в России  |e универсальная информационная система по сохранности  |f В. Захаров 
225 1 |a Сохранность 
320 |a Библиогр.: 1 назв. 
461 0 |0 (RuTPU)RU\TPU\prd\12643  |t Библиотечное дело  |o ежемесячный журнал  |d 2003- 
463 0 |0 (RuTPU)RU\TPU\prd\46662  |t № 7  |v С. 17  |d 2006 
610 1 |a сохранность документов 
610 1 |a документы 
610 1 |a универсальная информационная система 
610 1 |a тезаурусы 
700 1 |a Захаров  |b В.  |g Виктор 
801 1 |a RU  |b 63413507  |c 20061009  |g PSBO 
801 2 |a RU  |b 63413507  |c 20061010  |g PSBO 
942 |c BK